Banderas de Países en la Naturaleza #2 - Estadísticas

Estadísticas generales
  • Esta prueba ha sido intentada 144 veces
  • La puntuación promedio es 9 de 12
Estadísticas de respuestas
Imagen Respuesta % Correcto
Irlanda
97%
Italia
95%
Brasil
94%
Lituania
85%
Colombia
82%
Estados Unidos
81%
Mauricio
65%
Ruanda
64%
India
63%
Azerbaiyán
58%
Bangladés
43%
Nigeria
38%
No se encontraron pruebas coincidentes
Distribución de puntuación
Porcentaje de gente con cada puntuación
Porcentaje por número respondido
Historial de tus puntuaciones
No has intentado esta prueba.